00472pab a2200157 454500008004000000100002000040245011200060260000900172300001600181362000800197650002100205650002400226650001900250650001100269773003400280180718b2006 xxu||||| |||| 00| 0 eng d aItcaina, Xabier aThe Roman Catholic church and the immigration issue: the relative secularization of political life in Spain c2006 ap.1471-488. aJul aReligion - Spain aImmigration - Spain aChurch - Spain aChurch aAmerican Behavioral Scientist